| 000 | 00384nam a2200133Ia 4500 | ||
|---|---|---|---|
| 008 | 231129s2005||||xx |||||||||||||| ||spa|| | ||
| 020 | _a958-701-497-9 | ||
| 040 | _bspa | ||
| 082 | _a291.17 G562 | ||
| 245 | 0 | _aGlobalización y diversidad religiosa en Colombia | |
| 260 | _c2005 | ||
| 264 | _aUniversidad Nacional de Colombia | ||
| 942 |
_2ddc _cBKS |
||
| 999 |
_c14530 _d14530 |
||